| 000 | 01137nam a2200289Ia 4500 | ||
|---|---|---|---|
| 999 |
_c5522 _d5522 |
||
| 003 | OSt | ||
| 005 | 20200616145924.0 | ||
| 008 | 191128s1963 sp gr 000|0 spa d | ||
| 040 |
_aCO-JMCR _cCO-JMCR |
||
| 041 | 1 |
_aspa _hnds |
|
| 082 | 0 | 4 |
_a330 .126 / _bN285p _223 |
| 100 | 1 |
_aNeumark, Fritz, _eautor _95638 |
|
| 245 | 1 | 0 |
_aProblemas económicos y financieros del estado intervencionista / _cFritz Neumark ; traducción de José María Martín Oviedo |
| 260 |
_aMadrid : _bEditorial de Derecho Financiero, _c1963. |
||
| 300 |
_axiv, 476 páginas ; _c25 cm. |
||
| 490 | 0 |
_aTratados de derecho financiero y de hacienda pública. Serie ; _v4 |
|
| 500 | _aIncluye índice de materias páginas 475-476. | ||
| 505 | 0 | _aCuestiones económicas -- Cuestiones financieras | |
| 534 | _pWirtschaft und finazprobleme des interventionsstates | ||
| 546 | _aTraducido del alemán | ||
| 650 | 1 | 4 |
_aIntervención del estado _93525 |
| 650 | 2 | 4 |
_aPolítica fiscal _95639 |
| 650 | 2 | 4 |
_aTransporte y estado _95640 |
| 650 | 2 | 4 |
_aEconomía _xHacienda pública _95641 |
| 700 | 1 |
_aMartín Oviedo, José María, _etraductor _95642 |
|
| 942 |
_2ddc _cBK |
||